Datum a čas kvízu
29.5
Celkem bodů
Celkový počet nahraných bodů na tomto kvízu bez doplňovacích otázek.
4.
Pořadí na kvízu
Konečné umístění týmu na tomto kvízu.
Zaznamenané odpovědi
| # | Otázka | Odpověď | Body | Výsledky |
|---|---|---|---|---|
| 1. | Na prvního Máje se konal jubil... | za porušení nočního klidu | 1 | |
| 2. | U pobřeží kterého severoitalsk... | u Terstu | 0 | |
| 3. | Minulý týden jsme se dozvěděli... | Django; Zorro | 1 | |
| 4. | Americký prezident Donald Trum... | (skotskou) whisky | 0 | |
| 5. | Minulý týden skončilo mistrovs... | třetí | 1 | |
| 6. | Ve filmu Sedm sledujeme detekt... | závist (J. Doe), hněv (detektiv Mills) | 0.5 | |
| 7. | Tato fotka je známým interneto... | Americké psycho | 1 | |
| 8. | Karel Kopfrkingl, zaměstnanec... | (tibetský) buddhismus | 0 | |
| 9. | Přiřaďte zločince k jejich fil... | 1D 2C 3B 4A | 1 | |
| 10. | Mladý syn se poprvé přímo zapo... | Kmotr, Mario Puzo | 1 |